Текст томруулах:    
Principles of corporate finance (Бичлэгийн дугаар. 145996)
000 -УДИРДЛАГА
Удирдлага 00899nam a22003137a 4500
003 - ХЯНАЛТЫН ТОО ТОДОРХОЙЛОГЧ
Код MN-UlNUM
005 - БИЧИЛТ ХИЙСЭН ОГНОО
Тухайн бичилтийг бичсэн засварласан сүүлийн огноо 20251222123557.0
008 - ЕРӨНХИЙ МЭДЭЭЛЭЛ
Ерөнхий мэдээлэл 251222s1984 nyuab||| |||| 001 0 eng |
020 ## - ISBN
ISBN 007007383x
040 ## - БИЧЛЭГ ҮҮСГЭГЧ БАЙГУУЛЛАГА
Бичлэг үүсгэгч номын сангийн код МУИС-ийн номын сан
084 ## - ББК АНГИЛАЛ
Нэмэлт тусгалт Бусад
ББК ангилал 65.290.2
Зохиогчийн гурван тэмдэгт B 85
Мэдлэгийн ялгаа 65 - Эдийн засаг
100 1# - ЗОХИОГЧ
Зохиогчийн нэр Brealey, Richard A.
245 10 - ҮНДСЭН ГАРЧИГ
Номын нэр Principles of corporate finance
Оролцогчдын тухай мэдээ Richard Brealey, Stewart Myers.
250 ## - ДАХИН ХЭВЛЭЛТ
Дахин гаралтын дугаар 2nd ed.
260 ## - ГАРАЛТЫН МЭДЭЭ
Хэвлэгдсэн газар New York :
Хэвлэлийн газар McGraw-Hill,
Хэвлэгдсэн он 1984.
300 ## - МАТЕРИАЛЫН ТОДОРХОЙЛОЛТ
хуудасны тоо xxiv, 847 p.:
Бусад тоон мэдээлэл ill. ;
Хэмжээ 25 cm.
500 ## - Тайлбар
Дансны дугаар БС 4652
546 ## - ХЭЛНИЙ ТУХАЙ МЭДЭЭ
Хэл Англи хэл дээр,
653 ## - Түлхүүр үг
Түлхүүр үг corporations
653 ## - Түлхүүр үг
Түлхүүр үг finance
700 1# - ХАМ ЗОХИОГЧИД
Ба бус Myers, Stewart C.
740 ## - НОМЫН ГАРЧИГ
Гарчиг Why finance Matters
740 ## - НОМЫН ГАРЧИГ
Гарчиг The Concept of Net Present Value
740 ## - НОМЫН ГАРЧИГ
Гарчиг Present Value of Bonds and Stock
740 ## - НОМЫН ГАРЧИГ
Гарчиг How to Calculate Precent Values
942 ## - ЭЛЕМЕНТИЙН ТӨРӨЛ
Зүйлийн төрөл Ном